Microcomputer Dictionary and Guide (Record no. 5978)

MARC details
005 - DATE AND TIME OF LATEST TRANSACTION
control field 20250628111324.0
020 ## - INTERNATIONAL STANDARD BOOK NUMBER
International Standard Book Number 0-916460-01-0
100 ## - MAIN ENTRY--PERSONAL NAME
Author name SIPPL, C.J
245 ## - TITLE STATEMENT
Title Microcomputer Dictionary and Guide
260 ## - PUBLICATION, DISTRIBUTION, ETC.
Place of publication, distribution, etc. Newport
Name of publisher, distributor, etc. Matrix Publishers inc.
Date of publication, distribution, etc. 1975
300 ## - PHYSICAL DESCRIPTION
Extent ix, 680p.: ill; tables
Other physical details Notes
Dimensions 24cm
942 ## - ADDED ENTRY ELEMENTS (KOHA)
Source of classification or shelving scheme Dewey Decimal Classification
Koha item type Books
Holdings
Date last seen Total checkouts Full call number Barcode Cost, replacement price Price effective from Koha item type Lost status Source of classification or shelving scheme Damaged status Not for loan Withdrawn status Home library Current library Shelving location Date acquired Source of acquisition Cost, normal purchase price
06/28/2025   001.603 SIP MBY000746 57000.00 06/28/2025 Books   Dewey Decimal Classification       CBE MBEYA CBE MBEYA General Collection 11/05/1997 PURCHASE 19000.00